| 000 | 00785cab a2200253 4500 | ||
|---|---|---|---|
| 001 | WB2419-16 | ||
| 008 | 090401t1988 xxu||||| |||| 00| 0 eng d | ||
| 035 | _a(Sirsi) u11873 | ||
| 041 | _aeng | ||
| 245 | _aLecturer`s right to buy | ||
| 260 | _c1988 | ||
| 350 | _a0 | ||
| 490 |
_aIndependent _v9/5/88 p23 |
||
| 490 |
_aGuardian _v10/5/88 p39 |
||
| 520 | _aIn Dyer v Dorset County Council , CA 4 May 1988, it was held that the tenant lecturer was entitled, under the Housing Act 1980 as amended, to buy the house which he occupied in college grounds. | ||
| 650 | _aCURTILAGE | ||
| 650 | _aENTITLEMENT | ||
| 650 | _aHOUSING ACT 1980 SCH 1 | ||
| 650 | _aHOUSING ACT 1984 | ||
| 650 | _aRIGHT TO BUY | ||
| 690 |
_aBlock management _96220 |
||
| 942 | _n0 | ||
| 948 | _c04/03/1997 | ||
| 999 |
_c7588 _d7588 |
||